000 00804nam a2200217 i 4500
001 128258
003 ES-MaACL
005 20230906193220.0
007 t|
008 070627s1987 sp ||||1| spa d
080 _a75 Quetglas, Matías (083.824)
100 1 _aQuetglas, Matías.
_994586
245 1 0 _aMatías Quetglas
_b: [exposición] Museo de Bellas Artes de Asturias, Oviedo, Abril-Mayo 1987, Fundación Colegio del Rey, Alcalá de Henares, Junio-Julio 1987.
260 _aMadrid :
_bFundación Lorenzana,
_c[1987]
300 _a[19] p., [76] p. de lám. col. y n. ;
_c26 cm.
600 1 4 _aQuetglas, Matías-
_vExposiciones.
_994587
655 7 _2tgfbne
_9193628
_aCatálogos de exposiciones
852 _aES-MaACL
_jE-11765
_bR.113881
942 _2udc
999 _c128258
_d128258